000 00444nam a22001697a 4500
003 UA-OsUOA
001 59937
007 ta
008 20090430b un ||||| |||| 00| 0 ukr d
090 _bІ-71
942 _cBK
040 _aUA-OsUOA
_cUA-OsUOA
_dUA-OsUOA
245 _aІнститут літератури ім. Т. Г. Шевченка НАН України
955 _a1
260 _aК.
_bНаукова думка
_c200
650 7 _2UDC
999 _c345949
_d345949